000 00909nam a2200253Ia 4500
003 OSt
005 20221005111448.0
006 a|||||r|||| 00| 0
007 ta
008 221004b |||||||| |||| 00| 0 hin d
020 _a8170556090 (hbk)
_c395
024 _a97444
037 _b566, 23/03/2009, Vani Prakashan
_cTextual
040 _aCRL
_cCRL
_bhin
041 _2hin
_ahin
082 _aP152vN, 152N8;P4
100 _aशर्मा, राजमणि
245 0 _aहिन्दी भाषा
_b इतिहास और स्वरूप
246 _aHindī bhāṣhā: itihās aur svarūpa
260 _aनई दिल्ली
_bवाणी प्रकाशन भारत
_c2004
300 _a392पृ0
_ccm.
942 _hP152vN, 152N8;P4
_cTEXL
_2cc
999 _c1021898
_d1021898